00447nam a2200157Ia 4500008004100000020000700041082001600048100002000064245004300084250000800127260004100135300002300176500001900199600002100218650005000239240925s9999 xx 000 0 und d aNA a005.133 TYM aTymann, Paul T. 0aModern Software Development Using Java a2nd aNew Delhi:bCengage Learningc,2008. a704p.b0fOriginal aIncludes Index aComputer Science aComputer science, information & general works